Inverted Country Flags: VI - Statistics

General Stats
  • This quiz has been taken 21 times
  • The average score is 11 of 14
Answer Stats
Picture Answer % Correct
Kyrgyzstan
88%
Nepal
88%
Papua New Guinea
88%
Poland
88%
Bahrain
82%
Monaco
82%
Nicaragua
82%
Pakistan
82%
Benin
76%
Burundi
71%
Colombia
71%
Luxembourg
59%
Bolivia
53%
Yemen
47%
No matching quizzes found
Score Distribution
Percent of People with Each Score
Percentile by Number Answered
Your Score History
You have not taken this quiz